00223nam a2200097Ia 4500008004100000041000800041082001200049100001300061245002700074260002400101231212s1976 xx 000 0 und d aeng a621.381 aSalunkhe aSwatantrya Sanicanchya aPunebNew Heic1976